000 01116nam a22002777a 4500
003 dpl
005 20180713145441.0
008 180713b xxu||||| |||| 00| 0 eng d
010 _aA-885849
020 _c70.00
_a8170163846
035 _aA-885849, A-885874
037 _bCen Lib/Ret
040 _aDPL
_bHN
_c0
082 _a
_bसिन्हाम
100 _aसिन्हा, मृदुला
_965438
245 _aस्पर्श की तासीर /
_c मृदुला सिन्हा
246 _aSpars ki taaseer
_bby Mridula Sinha
260 _aनई ल्ली
_bकिताबघर
_c1997
270 _a24, अंसारी रोड दरिया गंज
_b नई ल्ली
_e110002
300 _a104पृष्ठ.
_c20सेमी(सजिल्द)
650 _aहिंदी साहित्य
_965439
650 _aहिंदी कहानी -सामाजिक जीवन
_965440
650 _aHindi literature
_965441
650 _aHindi story - social life
_965442
942 _2ddc
_cHN
_h
_mसिन्हाम
999 _c116229
_d116229